| 000 | 00526nam a22001937a 4500 | ||
|---|---|---|---|
| 999 |
_c59 _d59 |
||
| 001 | 003453 | ||
| 003 | Biblio-udec003453 | ||
| 005 | 20181026174824.0 | ||
| 008 | 180712b ck ||||| |||| 00| 0 spa d | ||
| 020 | _a9789873720222 | ||
| 035 | _a003453 | ||
| 100 |
_915 _aRemón, Mabel A. |
||
| 245 | _aDiscapacidad, justicia y estado | ||
| 260 |
_aCiudad Autónoma de Buenos Aires : _bInfojus, _c2015. |
||
| 300 |
_a152 p. _c23 cm. |
||
| 650 | 1 | 7 |
_2LEMB _916 _aderechos humanos |
| 650 | 0 |
_917 _aDISCAPACIDAD |
|
| 942 |
_2ddc _cBK _e1a ed. |
||